Piłka nożna - kluby Premier League 2023/24 - Statystyki

Ogólne statystyki
  • Ten quiz został rozwiązany 3 322 razy
  • Średni wynik to 13 z 20
Statystyki odpowiedzi
Klub % Poprawnych
Manchester City
96%
Manchester United
96%
Arsenal
92%
Liverpool
92%
Chelsea
88%
Tottenham Hotspur
80%
Aston Villa
75%
West Ham United
68%
Newcastle United
65%
Brighton & Hove Albion
64%
Everton
64%
Wolverhampton Wanderers
59%
Luton Town
57%
Brentford
51%
Crystal Palace
51%
Burnley
50%
Fulham
48%
Nottingham Forest
44%
Bournemouth
41%
Sheffield United
41%
Nie znaleziono quizów pasujących do podanych kryteriów
Rozkład punktacji
Procent ludzi z każdym wynikiem
Percentyl według liczby udzielonych odpowiedzi
Twoja historia wyników
Nie rozwiązałeś tego quizu